| 000 | 00924nam a2200277 i 4500 | ||
|---|---|---|---|
| 001 | 66886 | ||
| 003 | ES-MaACL | ||
| 005 | 20230906165858.0 | ||
| 007 | t| | ||
| 008 | 900328s1988 sp ||||0| spa d ..| | ||
| 015 | _a1990-MAR-5589 | ||
| 016 | 7 | _zSAB9000076465 | |
| 020 | _a84-86884-57-8 | ||
| 040 |
_aM-BN-DP _bspa _cM-BN-DP |
||
| 080 | _a75 Varo, Remedios (064.3) | ||
| 100 | 1 |
_aVaro, Remedios. _9113239 |
|
| 245 | 1 | 0 |
_aRemedios Varo [ _hexposición] _b: sala de exposiciones, Banco Exterior de España, noviembre de 1988-enero de 1989. |
| 260 |
_aMadrid : _bFundación Banco Exterior, _c[1988] |
||
| 300 |
_a167 p. : _bil. col. y n. ; _c32 cm. |
||
| 600 | 1 | 4 |
_aVaro, Remedios- _vExposiciones. _9113240 |
| 655 | 7 |
_2tgfbne _9193628 _aCatálogos de exposiciones |
|
| 710 | 2 |
_aFundación Banco Exterior. _94226 |
|
| 852 |
_aES-MaACL _jL-27367 _bR.133233 |
||
| 942 | _2udc | ||
| 999 |
_c66886 _d66886 |
||